[Event "?"]
[Site "?"]
[Date "????.??.??"]
[Round "?"]
[White "Frink, F."]
[Black "Kabyzhanov, B."]
[Result "1-0"]
[WhiteElo "2123"]
[BlackElo "2042"]
[PlyCount "67"]
[EventDate "2015.??.??"]

1. e4 c5 2. b4 Nc6 3. a3 e5 4. f4 cxb4 5. Nf3 exf4 6. d4 g5 7. Bc4 h6 8. axb4
Bg7 9. c3 Nf6 10. b5 Ne7 11. e5 Nh7 12. Qb3 O-O 13. Ba3 Nf5 14. Bxf8 Qxf8 15.
O-O Ne3 16. Re1 d5 17. exd6 Bf5 18. Ne5 Bxe5 19. dxe5 g4 20. Nd2 Ng5 21. Nf1
Nc2 22. Rad1 Nxe1 23. Rxe1 Qd8 24. Qd1 b6 25. Qd4 f3 26. Ne3 fxg2 27. Bd5 Be6
28. Bxg2 Nf3+ 29. Bxf3 gxf3 30. Kf2 Kh8 31. Rg1 Rc8 32. Nd5 Rc5 33. Qf4 Qf8 34.
Nf6 1-0

[Event "?"]
[Site "?"]
[Date "????.??.??"]
[Round "?"]
[White "Krause, S."]
[Black "Messalla, J."]
[Result "0-1"]
[WhiteElo "1926"]
[BlackElo "2057"]
[PlyCount "64"]
[EventDate "2015.??.??"]

1. d4 c5 2. d5 e5 3. e4 d6 4. Bb5+ Nd7 5. a4 g6 6. Nc3 Bg7 7. Nf3 Ne7 8. O-O
O-O 9. a5 a6 10. Be2 f5 11. Ng5 Nf6 12. f4 h6 13. fxe5 dxe5 14. d6 hxg5 15.
dxe7 Qxe7 16. Bxg5 Be6 17. Qe1 Qf7 18. Qh4 Nh7 19. exf5 gxf5 20. Bh5 Qc7 21.
Be7 Bf6 22. Qg3+ Kh8 23. Bxf8 Rxf8 24. Rfd1 Rg8 25. Qe3 Qg7 26. Qe2 e4 27. Nd5
Be5 28. Ra3 Bd4+ 29. Kh1 Bxd5 30. Rg3 Qh6 31. c3 Rxg3 32. hxg3 Bf7 0-1

[Event "?"]
[Site "?"]
[Date "????.??.??"]
[Round "?"]
[White "Krajinski, L."]
[Black "Lebedev, S."]
[Result "0-1"]
[WhiteElo "1683"]
[BlackElo "1854"]
[PlyCount "94"]
[EventDate "2015.??.??"]

1. c4 e5 2. Nc3 Nc6 3. d3 Bb4 4. Bd2 Bxc3 5. Bxc3 d6 6. g3 Nf6 7. Bg2 Bd7 8.
Nf3 O-O 9. O-O Re8 10. Nd2 Rb8 11. a4 a5 12. Nb3 b6 13. Qd2 Re7 14. e3 Qe8 15.
Nc1 Bf5 16. e4 Bg4 17. f4 Bd7 18. Ne2 Qc8 19. f5 h6 20. h3 Nh7 21. g4 f6 22. b3
Qa6 23. Rf3 Nd8 24. Rg3 Nf7 25. h4 c5 26. Kh2 Rf8 27. Ng1 Qc8 28. Nf3 Qe8 29.
Rg1 Kh8 30. Bf1 Rg8 31. Qg2 Bc6 32. Bd2 g6 33. g5 fxg5 34. hxg5 hxg5 35. Nxg5
Nhxg5 36. Bxg5 Nxg5 37. Rxg5 Rh7+ 38. Kg3 gxf5 39. Kf3 fxe4+ 40. dxe4 Qf8+ 41.
Rf5 Bxe4+ 42. Kxe4 Rh4+ 43. Ke3 Qh6+ 44. Rg5 Rf8 45. Ke2 Qh7 46. Qd5 Qc2+ 47.
Qd2 Re4# 0-1

[Event "?"]
[Site "?"]
[Date "????.??.??"]
[Round "?"]
[White "Hoffmann, R."]
[Black "Myronenko, N."]
[Result "0-1"]
[WhiteElo "2048"]
[BlackElo "1901"]
[PlyCount "72"]
[EventDate "2015.??.??"]

1. c4 e6 2. Nf3 d5 3. e3 Nf6 4. Nc3 Be7 5. d4 O-O 6. Qc2 b6 7. cxd5 exd5 8. Ne5
c5 9. Bd3 Bb7 10. O-O Nc6 11. Rd1 Nb4 12. Qe2 Nxd3 13. Qxd3 Re8 14. b3 Rc8 15.
Bb2 Bd6 16. f4 cxd4 17. exd4 Ne4 18. Nxe4 dxe4 19. Qe3 f6 20. Nc4 Bf8 21. Qh3
Qc7 22. d5 Bc5+ 23. Kh1 Qxf4 24. d6 Rcd8 25. Rf1 Qg5 26. Bc1 e3 27. Re1 b5 28.
d7 Re7 29. Bxe3 Bxe3 30. Rxe3 Rexd7 31. Rae1 Qxg2+ 32. Qxg2 Bxg2+ 33. Kxg2 bxc4
34. bxc4 Kf7 35. a3 Rc7 36. h3 Rd2+ 0-1

[Event "?"]
[Site "?"]
[Date "????.??.??"]
[Round "?"]
[White "Kasimov, R."]
[Black "Mekus, M."]
[Result "1-0"]
[WhiteElo "2159"]
[BlackElo "1628"]
[PlyCount "129"]
[EventDate "2015.??.??"]

1. d4 Nf6 2. Nc3 g6 3. e4 d6 4. Nf3 Nbd7 5. Be2 Bg7 6. O-O O-O 7. e5 dxe5 8.
dxe5 Ng4 9. e6 Nde5 10. exf7+ Nxf7 11. h3 Qxd1 12. Rxd1 Nge5 13. Nxe5 Nxe5 14.
Bg5 Bf6 15. Bxf6 exf6 16. f4 Nf7 17. Nd5 c6 18. Nxf6+ Kg7 19. Ng4 h5 20. Ne3
Nh6 21. Rf1 Nf5 22. Nxf5+ Bxf5 23. c3 Rae8 24. Rf2 Re7 25. g4 hxg4 26. hxg4 Be4
27. Kh2 Rh8+ 28. Kg3 Bd5 29. Bf3 Re3 30. Rd1 Rhe8 31. a3 R8e7 32. Rdd2 a6 33.
Kg2 Rf7 34. Bxd5 cxd5 35. Rxd5 Re4 36. Rd4 Re1 37. Rb4 Rd7 38. Rb6 Re4 39. Kg3
Re3+ 40. Kh4 Re1 41. Kg5 Rd5+ 42. f5 gxf5 43. Rxb7+ Kg8 44. Rxf5 Rd8 45. Kg6
Re6+ 46. Rf6 Rxf6+ 47. Kxf6 Rd6+ 48. Ke5 Rg6 49. Kf5 Rc6 50. g5 Rc5+ 51. Kg6
Rc6+ 52. Kh5 Rc5 53. Kh6 Rc4 54. Rb8+ Kf7 55. g6+ Kf6 56. Rf8+ Ke7 57. g7 Rh4+
58. Kg5 Rh1 59. g8=Q Rg1+ 60. Kh4 Rh1+ 61. Kg3 Rg1+ 62. Kf2 Rxg8 63. Rxg8 Kd7
64. Ke3 Kc6 65. Kd4 1-0

[Event "?"]
[Site "?"]
[Date "????.??.??"]
[Round "?"]
[White "Tsapalin, S."]
[Black "Nerlikar, S."]
[Result "1-0"]
[WhiteElo "2060"]
[BlackElo "1479"]
[PlyCount "43"]
[EventDate "2015.??.??"]

1. d4 d5 2. c4 c6 3. Nf3 Nf6 4. e3 e6 5. Nbd2 Bd6 6. Bd3 O-O 7. O-O Nbd7 8. e4
dxe4 9. Nxe4 Nxe4 10. Bxe4 Nf6 11. Bc2 h6 12. Qd3 c5 13. Be3 Qc7 14. dxc5 Bxc5
15. Bxc5 Qxc5 16. Rfe1 Qc7 17. Rad1 g6 18. Ne5 Kg7 19. Re3 b6 20. Nxg6 fxg6 21.
Qxg6+ Kh8 22. Qxh6+ 1-0

[Event "?"]
[Site "?"]
[Date "????.??.??"]
[Round "?"]
[White "Krabbe, W."]
[Black "Raibl, Z."]
[Result "0-1"]
[WhiteElo "1869"]
[BlackElo "1987"]
[PlyCount "52"]
[EventDate "2015.??.??"]

1. d4 Nf6 2. c4 e6 3. Nf3 d5 4. Nc3 Be7 5. Bg5 O-O 6. e3 c6 7. Bd3 dxc4 8. Bxc4
b5 9. Bd3 a6 10. O-O Bb7 11. e4 h6 12. Bh4 Nxe4 13. Bxe7 Nxc3 14. Bxd8 Nxd1 15.
Be7 Nxb2 16. Bxf8 Kxf8 17. Be2 Nd7 18. Rac1 f6 19. Rc2 Na4 20. Nd2 e5 21. Bf3
exd4 22. Bxc6 Rc8 23. Rfc1 d3 24. Bxb7 Rxc2 25. Rxc2 dxc2 26. Nb3 Ndc5 0-1

[Event "?"]
[Site "?"]
[Date "????.??.??"]
[Round "?"]
[White "Sponheim, M."]
[Black "Flock, D."]
[Result "0-1"]
[WhiteElo "2024"]
[BlackElo "1867"]
[PlyCount "68"]
[EventDate "2015.??.??"]

1. e4 c5 2. Nf3 d6 3. d4 cxd4 4. Nxd4 Nf6 5. Nc3 a6 6. Bc4 Qc7 7. Qe2 e6 8. a4
Nc6 9. Nxc6 bxc6 10. O-O Be7 11. f4 Nxe4 12. Nxe4 d5 13. Bd3 dxe4 14. Bxe4 O-O
15. Qc4 Bb7 16. a5 c5 17. Bd3 Qc6 18. Rf2 Rad8 19. Be3 Rd7 20. f5 Bf6 21. fxe6
fxe6 22. c3 Be7 23. Rxf8+ Bxf8 24. Bf1 Rf7 25. Qg4 e5 26. Rd1 Kh8 27. Be2 Bc8
28. Qh5 Rd7 29. Qxe5 Rxd1+ 30. Bxd1 Bd6 31. Qh5 Qe4 32. Bd2 c4 33. h3 Qe5 34.
Bg5 Qe1# 0-1

[Event "?"]
[Site "?"]
[Date "????.??.??"]
[Round "?"]
[White "Chomu Clement, M."]
[Black "Napierala, M."]
[Result "1-0"]
[WhiteElo "2120"]
[BlackElo "1722"]
[PlyCount "131"]
[EventDate "2015.??.??"]

1. d4 d5 2. c4 c6 3. Nc3 Nf6 4. Bg5 e6 5. Nf3 h6 6. Bh4 Be7 7. e3 O-O 8. Bg3
Nbd7 9. a3 c5 10. cxd5 exd5 11. dxc5 Nxc5 12. Be2 Nce4 13. Rc1 Be6 14. Be5 Ng4
15. O-O Bg5 16. Bd4 Bf6 17. h3 Bxd4 18. Nxd4 Ngxf2 19. Rxf2 Nxf2 20. Kxf2 Qh4+
21. Kg1 Qg3 22. Bf3 Bxh3 23. Nxd5 Rad8 24. Nf4 Bc8 25. Rc3 g5 26. Nfe2 Qe5 27.
Qb3 b6 28. Nc6 Qf6 29. Nxd8 Rxd8 30. Nd4 g4 31. Bd1 g3 32. Qc2 Qh4 33. Nf3 Qg4
34. Be2 Bb7 35. Ne1 Qh4 36. Nf3 Qh5 37. Rc4 Bxf3 38. Bxf3 Qh2+ 39. Kf1 Qh1+ 40.
Ke2 Qg1 41. Rg4+ Kf8 42. Rxg3 Qh2 43. Rg4 Qe5 44. Qb3 Rd6 45. Rf4 Re6 46. Re4
Qf6 47. Qb4+ Ke8 48. Rd4 a5 49. Qb5+ Kf8 50. Qd5 Qh8 51. Kf2 a4 52. Qa8+ Re8
53. Qxa4 h5 54. Qb4+ Kg8 55. Qxb6 Qh7 56. Qc5 Qh6 57. Rh4 Qf6 58. Qd4 Qf5 59.
Rxh5 Qc2+ 60. Be2 f5 61. Rh8+ Kf7 62. Qd7+ Re7 63. Rh7+ Kg6 64. Qxe7 f4 65.
Qf7+ Kg5 66. Rh5# 1-0

[Event "?"]
[Site "?"]
[Date "????.??.??"]
[Round "?"]
[White "Strekalovski, V."]
[Black "Scheffner, J."]
[Result "0-1"]
[WhiteElo "1939"]
[BlackElo "1675"]
[PlyCount "33"]
[EventDate "2015.??.??"]

1. e4 c5 2. Nf3 e6 3. d4 cxd4 4. Nxd4 a6 5. Qf3 Qc7 6. Nc3 Nc6 7. Nxc6 bxc6 8.
Bd3 Nf6 9. O-O d5 10. exd5 cxd5 11. Bd2 Bd6 12. b3 Bb7 13. Bg5 Nd7 14. Rfe1 Ne5
15. Qh5 g6 16. Qe2 O-O 17. Bf6 {Partie nicht lesbar} 0-1

[Event "?"]
[Site "?"]
[Date "????.??.??"]
[Round "?"]
[White "Kaydanovich, M."]
[Black "Koenig, J."]
[Result "1-0"]
[WhiteElo "1831"]
[BlackElo "1640"]
[PlyCount "77"]
[EventDate "2015.??.??"]

1. d4 d5 2. c4 e6 3. Nc3 Nf6 4. Bg5 Be7 5. Nf3 h6 6. Bf4 O-O 7. e3 Ne4 8. Nxe4
dxe4 9. Nd2 f5 10. Be2 Nd7 11. O-O Nf6 12. c5 c6 13. Nc4 Nd5 14. Be5 Bf6 15.
Bxf6 Nxf6 16. Qb3 Qc7 17. Ne5 Nd5 18. a4 a5 19. Bc4 Qe7 20. Ng6 Qg5 21. Nxf8
Kxf8 22. Bxd5 exd5 23. f4 Qh4 24. Qb6 Qe7 25. Ra3 Kg8 26. Qb3 Be6 27. Qc3 Kh7
28. Rb3 Qc7 29. Rb6 g5 30. Qd2 g4 31. g3 h5 32. Rb1 Qe7 33. b4 axb4 34. Qxb4
Bc8 35. a5 Ra6 36. Rxa6 bxa6 37. Qb8 Qd7 38. Rb6 Kg6 39. Qd6+ 1-0

[Event "?"]
[Site "?"]
[Date "????.??.??"]
[Round "?"]
[White "Karpova, M."]
[Black "Mikhalionak, A."]
[Result "1/2-1/2"]
[WhiteElo "1781"]
[BlackElo "1617"]
[PlyCount "60"]
[EventDate "2015.??.??"]

1. d4 d5 2. c4 e6 3. Nc3 Nf6 4. Bg5 Be7 5. e3 O-O 6. Nf3 b6 7. Be2 Bb7 8. O-O
h6 9. Bh4 Nbd7 10. Qc2 c5 11. cxd5 Nxd5 12. Bxe7 Qxe7 13. Nxd5 exd5 14. Rfe1
Nf6 15. Rac1 c4 16. Ne5 b5 17. b3 a6 18. f3 Rfd8 19. Bf1 Rac8 20. Qb2 Qb4 21.
a3 Qxb3 22. Qxb3 cxb3 23. Rc5 Rxc5 24. dxc5 Rc8 25. Rb1 Rxc5 26. Rxb3 Bc8 27.
Nd3 Rc7 28. Nf4 g5 29. Ne2 Kg7 30. Nd4 Rc1 1/2-1/2

[Event "?"]
[Site "?"]
[Date "????.??.??"]
[Round "?"]
[White "Saraf, S."]
[Black "Ulpins, H."]
[Result "1/2-1/2"]
[WhiteElo "1579"]
[BlackElo "1125"]
[PlyCount "109"]
[EventDate "2015.??.??"]

1. e4 c6 2. d4 d5 3. Nc3 dxe4 4. Nxe4 Bf5 5. Ng3 Bg6 6. h4 h6 7. Nf3 Nf6 8. Bd3
Bxd3 9. Qxd3 e6 10. Ne4 Be7 11. Bd2 Nbd7 12. Nxf6+ Nxf6 13. O-O-O O-O 14. Rdg1
Ng4 15. Be3 Bd6 16. g3 Nxe3 17. fxe3 Qc7 18. g4 g6 19. h5 g5 20. e4 Rad8 21.
Kb1 a5 22. e5 Be7 23. Rd1 b5 24. Rdf1 Qb6 25. Rh2 c5 26. Rd2 c4 27. Qe4 b4 28.
d5 exd5 29. Rxd5 c3 30. Rfd1 Rxd5 31. Rxd5 Rd8 32. Rxd8+ Qxd8 33. Qd4 Qa8 34.
Qe3 Qd5 35. bxc3 bxc3 36. Qd3 Qb7+ 37. Kc1 Qb2+ 38. Kd1 a4 39. Nd4 Qxa2 40.
Qxc3 Qb1+ 41. Ke2 Bb4 42. Qc8+ Kg7 43. Nf5+ Kh7 44. Nxh6 Qe1+ 45. Kf3 Qf1+ 46.
Ke3 Qf4+ 47. Kd3 Qf3+ 48. Kd4 Qf2+ 49. Ke4 Qf4+ 50. Kd3 Qf3+ 51. Kd4 Qd1+ 52.
Ke4 Qxc2+ 53. Kd4 Qd2+ 54. Ke4 Qg2+ 55. Kd4 1/2-1/2